书目信息 |
| 题名: |
九年义务教育六年制小学语文第四册自读课本
|
|
| 作者: | ;人民教育出版社小学语文室 编 | |
| 分册: | 一串紫葡萄 | |
| 出版信息: | 北京 人民教育出版社 1994 |
|
| 页数: | 179页 | |
| 开本: | 20cm | |
| 丛书名: | ||
| 单 册: | ||
| 中图分类: | G633.2 | |
| 科图分类: | 38.6341 | |
| 主题词: | 语文--小学--教学参考资料 | |
| 电子资源: | ||
| ISBN: | 7-107-02192-3 | |
| 000 | 00917nam0 2200241 45 | |
| 001 | 0194015984 | |
| 005 | 20070723163840.68 | |
| 010 | @a7-107-02192-3@dCNY4.00 | |
| 100 | @a19940306d1994 em y0chiy0121 ea | |
| 101 | 0 | @achi |
| 102 | @aCN@b110000 | |
| 105 | @ay z 000yy | |
| 200 | 10 | @a九年义务教育六年制小学语文第四册自读课本@Ajiu nian yi wu jiao yu liu nian zhi xiao xue yu wen di si ce zi du ke ben@i一串紫葡萄@f人民教育出版社小学语文室编@Fren min jiao yu chu ban she xiao xue yu wen shi bian |
| 210 | @a北京@c人民教育出版社@d1994@h1999 | |
| 215 | @a179页@d20cm | |
| 517 | 1 | @a一串紫葡萄@Ayi chuan zi pu tao |
| 540 | 1 | @a小学 语文 教学@AXIAO XUE YU WEN JIAO XUE |
| 606 | @a语文@x小学@x教学参考资料 | |
| 690 | @aG633.2@v三版 | |
| 692 | @a38.6341 | |
| 711 | 02 | @a人民教育出版社小学语文室@Aren min jiao yu chu ban she xiao xue yu wen shi@4编 |
| 801 | 0 | @aCN@bTSSF@c20070723 |
| 905 | @a10447@dG633.2@e123 | |
| 九年义务教育六年制小学语文第四册自读课本.一串紫葡萄/人民教育出版社小学语文室编.-北京:人民教育出版社,1994(1999) |
| 179页;20cm |
| ISBN 7-107-02192-3:CNY4.00 |
| ● |
| 相关链接 |
|
|
|
|
正题名:九年义务教育六年制小学语文第四册自读课本
索取号:G633.2/123
 
预约/预借
| 序号 | 登录号 | 条形码 | 馆藏地/架位号 | 状态 | 备注 |
| 1 | 0769919 | 207699196 | 第一样本阅览室/ [索取号:G633.2/123] | 在馆 |